Language Quiz

Random Language or Letter Quiz

Starts with Three Consonants Quiz Stats

 Plays Quiz Updated Nov 27, 2019

Score 0/12 Timer 03:00
45 Plays Today
Hint Answer % Correct
SHRSHRIMP
97.5%
SCRSCRABBLE
97.4%
SPHSPHINX
97%
THRTHROAT
96.7%
SCHSCHOOL
94.1%
CHLCHLORINE
92.7%
SPLSPLIT
87.9%
SPRSPRUCE
87.2%
CHRCHRISTOPHER (Walken)
84.5%
PHLPHLEBOTOMY
54%
STRSTROMBOLI
51.5%
SCLSCLERA
49.3%

You're not logged in!

Compare scores with friends on all Sporcle quizzes.
OR
Log In

Sporcle TV

Today on Sporcle TV


Watch our educational content, quiz creation guides, and fun videos on Sporcle TV.

Show Comments

Extras

Top Quizzes Today


Score Distribution

Your Account Isn't Verified!

In order to create a playlist on Sporcle, you need to verify the email address you used during registration. Go to your Sporcle Settings to finish the process.

Report this User

Report this user for behavior that violates our Community Guidelines.

Details: